UBT Library

AA world atlas. (Record no. 40748)

000 -LEADER
fixed length control field 00580cam a22002418a 4500
001 - CONTROL NUMBER
control field 13696878
005 - DATE AND TIME OF LATEST TRANSACTION
control field 20180123043547.0
008 - FIXED-LENGTH DATA ELEMENTS--GENERAL INFORMATION
fixed length control field 030704s2003 enkb 001 0 eng
015 ## - NATIONAL BIBLIOGRAPHY NUMBER
National bibliography number GBA3-V4228
020 ## - INTERNATIONAL STANDARD BOOK NUMBER
International Standard Book Number 0749539704
035 ## - SYSTEM CONTROL NUMBER
System control number (OCoLC)ocm52830154
040 ## - CATALOGING SOURCE
Original cataloging agency UKM
Transcribing agency UKM
Modifying agency OCLCQ
-- DLC
041 ## - LANGUAGE CODE
Language code of text/sound track or separate title eng
080 ## - UNIVERSAL DECIMAL CLASSIFICATION NUMBER
Universal Decimal Classification number 912 eyr
082 04 - DEWEY DECIMAL CLASSIFICATION NUMBER
Classification number 912 eyr
Edition number 21
100 ## - Rafti
Rafti 42
101 ## - Shkurtesa
Shkurtesa gje
245 00 - TITLE STATEMENT
Title AA world atlas.
740 0# - ADDED ENTRY--UNCONTROLLED RELATED/ANALYTICAL TITLE
Uncontrolled related/analytical title World atlas.
906 ## - LOCAL DATA ELEMENT F, LDF (RLIN)
a 0
b ibc
c copycat
d 3
e ncip
f 20
g y-gencatlg
942 ## - ADDED ENTRY ELEMENTS (KOHA)
Source of classification or shelving scheme
Item type Books
Holdings
Withdrawn status Lost status Source of classification or shelving scheme Damaged status Not for loan Collection code Permanent location Current location Shelving location Date acquired Total Checkouts Full call number Barcode Date last seen Price effective from Koha item type
          Koleksioni i përgjithshem UBT - Lipjan UBT - Lipjan Koleksioni i përgjithshem 01/23/2018   912 eyr 002-2996068 01/23/2018 01/23/2018 Books
UBT Library © 2015-2024. All rights reserved University Education for Business and Technology